Hillary Clinton Quiz - Statistics

General Stats
  • This quiz has been taken 27 times
  • The average score is 11 of 16
Answer Stats
Hint Answer % Correct
Life Husband Bill
96%
Life Maiden name Rodham
91%
2016 Presidential elections Republican candidate who defeated her Donald Trump
87%
Life White house intern who had an inappropriate relationship with Hillary's husband Monica Lewinsky
83%
Political career State she represented in the senate New York
83%
Political career Governmental position she held from 2009 to 2013 Secretary of State
83%
Political career She served in this president's administration Barack Obama
78%
Life Field of study Law
78%
Political career Country she sought to isolate and sanction in order to halt its nuclear program Iran
74%
Political career 2012 attack at US facilities in this Libyan city Benghazi
70%
Life City of birth Chicago
70%
2016 Presidential elections She won the Democratic primary against this main opponent Bernie Sanders
65%
2016 Presidential elections Running mate Tim Kaine
57%
2016 Presidential elections FBI director who oversaw the investigations concerning Clinton's e-mail controversy James Comey
52%
Life She campaigned for this Republican presidential candidate Barry Goldwater
39%
Life First memoir, released in 2003 Living History
17%
No matching quizzes found
Score Distribution
Percent of People with Each Score
Percentile by Number Answered
Your Score History
You have not taken this quiz